[Event "19th Rubinstein Memorial"]
[Site "Polanica Zdroj POL"]
[Date "1981.08.??"]
[Round "1"]
[White "Adamski, Jan"]
[Black "Uhlmann, Wolfgang"]
[WhiteElo "2420"]
[BlackElo "2510"]
[Result "1/2-1/2"]
[EventDate "1981.08.02"]
[PlyCount "91"]
1. d4 Nf6 2. c4 g6 3. Nc3 Bg7 4. e4 d6 5. Be2 O-O 6. Bg5 h6 7. Be3 e5 8. d5 c6 9. Qd2 h5 10. f3 a6 11. Bd3 cxd5 12. cxd5 Nbd7 13. Nge2 Nh7 14. O-O Bf6 15. g3 h4 16. f4 b5 17. b4 Nb6 18. Kg2 Bd7 19. Rac1 Re8 20. Nd1 Bg7 21. Nf2 hxg3 22. hxg3 exf4 23. gxf4 Nf6 24. Ng3 Nbxd5 25. exd5 Nxd5 26. Rfe1 Qh4 27. Be4 Nxe3+ 28. Rxe3 Qxf4 29. Rce1 Rad8 30. Bd5 Re5 31. Qd3 Qg5 32. Nfe4 Qe7 33. Rf3 Be6 34. Bxe6 Qxe6 35. Ng5 Qxa2+ 36. Rf2 Qc4 37. Qxc4 bxc4 38. Rxe5 dxe5 39. Rxf7 Rc8 40. Rf2 c3 41. Rc2 Bf8 42. Nf3 Bxb4 43. Nxe5 Rd8 44. Ne4 Kg7 45. Kf3 Rd5 46. Nc4 1/2-1/2

[Event "19th Rubinstein Memorial"]
[Site "Polanica Zdroj POL"]
[Date "1981.08.??"]
[Round "3"]
[White "Bohm, Hans"]
[Black "Schinzel, Wladyslaw"]
[WhiteElo "2390"]
[BlackElo "2380"]
[Result "1/2-1/2"]
[EventDate "1981.08.02"]
[PlyCount "80"]
1. d4 d5 2. c4 e6 3. cxd5 exd5 4. Nc3 c6 5. Nf3 Bf5 6. Bg5 Be7 7. Bxe7 Qxe7 8. e3 Nf6 9. Be2 Ne4 10. O-O O-O 11. Nxe4 Bxe4 12. Nd2 Bg6 13. Qb3 Rc8 14. Rfc1 Rc7 15. Qc3 Nd7 16. b4 Nf6 17. a4 Rcc8 18. b5 Ne4 19. Nxe4 Bxe4 20. Qb2 Qg5 21. Bf1 h5 22. a5 h4 23. h3 Rab8 24. Qe2 cxb5 25. Qxb5 Qe7 26. Qb2 Rxc1 27. Rxc1 b5 28. Rc5 b4 29. Qb3 Kf8 30. f3 Bf5 31. Qxd5 Bxh3 32. gxh3 Qxe3+ 33. Kh1 Re8 34. Rc7 Qf4 35. Rxa7 g6 36. Ra8 Rxa8 37. Qxa8+ Kg7 38. Qe4 Qc1 39. Qd3 b3 40. Qxb3 Qxf1+ 1/2-1/2